000 01099nam a22002657a 4500
005 20170124103203.0
010 _aB-038411
020 _c300.00
_a8185829743
035 _aB-038411
037 _bCen Lib/Ret
040 _aDPL
_bHN
082 _a133.5
_bगौड़र
100 _aगौड़, रघुनन्दनप्रसाद
_970127
245 _aआधुनिक ज्योतिष /
_cरघुनन्दनप्रसाद गौड़
246 _aAdhunik jyotish /
_bby Raghunandan Prasad Gaur
260 _aदिल्ली
_bज्ञान गंगा
_c2000
270 _a205-सी चावड़ी बाज़ार
_bदिल्ली
_e110006
300 _a384पृ.
_c21सेमी(सजिल्द)
500 _aअनुक्रमणिका शामिल
650 _aनक्षत्र परिचय
_992866
650 _aइष्ट साधन
_91541
650 _aConstellation introduction
_992867
650 _aFavored instrument
_992868
942 _2ddc
_cHN
_h133.5
_mगौड़र
999 _c120834
_d120834